Normal view
MARC view
Entry Topical Term
001 - CONTROL NUMBER
- control field: 84207
003 - CONTROL NUMBER IDENTIFIER
- control field: OSt
005 - DATE AND TIME OF LATEST TRANSACTION
- control field: 20230406111013.0
008 - FIXED-LENGTH DATA ELEMENTS
- fixed length control field: 230406|| aca||aabn | a|a d
040 ## - CATALOGING SOURCE
- Original cataloging agency: OSt
- Transcribing agency: OSt
150 ## - HEADING--TOPICAL TERM
- Topical term or geographic name entry element: Financial Economics
670 ## - SOURCE DATA FOUND
- Source citation: Work cat.: (OSt)169278: G K PUBLICATIONS 84206, SBI probationary officers recriutment examination: phase I and II, 2018